000 00529nam a22001817a 4500
999 _c17976
_d17976
003 AR-CdUCM
008 190510b ||||| |||| 00| 0 spa d
040 _aMUNICIPALIDAD PROVINCIAL DEL CUSCO
_cBIBLIOTECA MUNICIPAL DEL CUSCO
082 _a843.9 /
_bC43
100 _aCendrars, Blaise
_938274
245 _aEl oro /
260 _aChile :
_bZig zag,
_c1932.
300 _a99 páginas ;
_c20 cm.
505 _aContenido : Silueta biográfica de Blaise Cendrars...
650 _aNovela
_95
942 _2ddc
_cLIBROS
945 _arcc